<?xml version="1.0" encoding="UTF-8"?><?xml-stylesheet type="text/xsl" href="static/style.xsl"?><OAI-PMH xmlns="http://www.openarchives.org/OAI/2.0/" xmlns:xsi="http://www.w3.org/2001/XMLSchema-instance" xsi:schemaLocation="http://www.openarchives.org/OAI/2.0/ http://www.openarchives.org/OAI/2.0/OAI-PMH.xsd"><responseDate>2026-04-13T07:33:51Z</responseDate><request verb="GetRecord" identifier="oai:www.recercat.cat:10230/44187" metadataPrefix="marc">https://recercat.cat/oai/request</request><GetRecord><record><header><identifier>oai:recercat.cat:10230/44187</identifier><datestamp>2025-12-24T08:55:28Z</datestamp><setSpec>com_2072_6</setSpec><setSpec>col_2072_452952</setSpec></header><metadata><record xmlns="http://www.loc.gov/MARC21/slim" xmlns:dcterms="http://purl.org/dc/terms/" xmlns:xsi="http://www.w3.org/2001/XMLSchema-instance" xmlns:doc="http://www.lyncode.com/xoai" xsi:schemaLocation="http://www.loc.gov/MARC21/slim http://www.loc.gov/standards/marcxml/schema/MARC21slim.xsd">
   <leader>00925njm 22002777a 4500</leader>
   <datafield ind2=" " ind1=" " tag="042">
      <subfield code="a">dc</subfield>
   </datafield>
   <datafield ind2=" " ind1=" " tag="720">
      <subfield code="a">AlSkaif, Tarek</subfield>
      <subfield code="e">author</subfield>
   </datafield>
   <datafield ind2=" " ind1=" " tag="720">
      <subfield code="a">Luna, Adriana C.</subfield>
      <subfield code="e">author</subfield>
   </datafield>
   <datafield ind2=" " ind1=" " tag="720">
      <subfield code="a">Guerrero Zapata, Manel</subfield>
      <subfield code="e">author</subfield>
   </datafield>
   <datafield ind2=" " ind1=" " tag="720">
      <subfield code="a">Guerrero, Josep M.</subfield>
      <subfield code="e">author</subfield>
   </datafield>
   <datafield ind2=" " ind1=" " tag="720">
      <subfield code="a">Bellalta, Boris</subfield>
      <subfield code="e">author</subfield>
   </datafield>
   <datafield ind2=" " ind1=" " tag="260">
      <subfield code="c">2020-04-08T08:16:13Z</subfield>
   </datafield>
   <datafield ind2=" " ind1=" " tag="260">
      <subfield code="c">2020-04-08T08:16:13Z</subfield>
   </datafield>
   <datafield ind2=" " ind1=" " tag="260">
      <subfield code="c">2017</subfield>
   </datafield>
   <datafield ind2=" " ind1=" " tag="520">
      <subfield code="a">Due to the decreasing revenues from the surplus renewable energy injected into the grid, mechanisms promoting self-consumption of this energy are becoming increasingly important. Demand response (DR) and local storage are among the widely used mechanisms for reaching higher self-consumption levels. Deploying a shared storage unit in a residential microgrid is an alternative scenario that allows households to store their surplus renewable energy for a later use. However, this creates some challenges in managing the battery and the available energy resource in a fair way. In this paper, a reputation-based centralized energy management system (EMS) is proposed to deal with these issues by considering households’ reputations in the reallocation of available energy in the shared storage unit. This framework is used in an optimization problem, in which the EMS jointly schedules households’ appliances power consumption and the energy that each household can receive from the storage unit. The scheduling problem is formulated as a Mixed Integer Linear Programming (MILP) with the objective of minimizing the amount and price of energy absorbed from the main grid. The MILP problem is coded in GAMS and solved using CPLEX. Numerical analysis is conducted using real data of renewable energy production and appliances’ demand profiles for different classes of households and different annual periods in Spain. Simulation results of the different scenarios show that by using the proposed framework higher cost savings can be achieved, in comparison with the classical scheduling scenario. The saving can reach up to 68% when different classes of households exist in the microgrid. The results also show that the fairness in energy allocation is guaranteed by the reputation-based policy, and that the total power absorbed from the main grid by the whole microgrid is significantly decreased.</subfield>
   </datafield>
   <datafield ind2=" " ind1=" " tag="520">
      <subfield code="a">This work was partially supported by projects TIN2013- 47272-C2-2 and SGR-2014-881.</subfield>
   </datafield>
   <datafield tag="653" ind2=" " ind1=" ">
      <subfield code="a">Microgrids</subfield>
   </datafield>
   <datafield tag="653" ind2=" " ind1=" ">
      <subfield code="a">Self-consumption</subfield>
   </datafield>
   <datafield tag="653" ind2=" " ind1=" ">
      <subfield code="a">Energy management systems</subfield>
   </datafield>
   <datafield tag="653" ind2=" " ind1=" ">
      <subfield code="a">Demand response</subfield>
   </datafield>
   <datafield tag="653" ind2=" " ind1=" ">
      <subfield code="a">Photovoltaic</subfield>
   </datafield>
   <datafield tag="653" ind2=" " ind1=" ">
      <subfield code="a">Appliances scheduling</subfield>
   </datafield>
   <datafield tag="653" ind2=" " ind1=" ">
      <subfield code="a">Energy sharing</subfield>
   </datafield>
   <datafield tag="653" ind2=" " ind1=" ">
      <subfield code="a">Reputation-based systems</subfield>
   </datafield>
   <datafield ind2="0" ind1="0" tag="245">
      <subfield code="a">Reputation-based joint scheduling of households appliances and storage in a microgrid with a shared battery</subfield>
   </datafield>
</record></metadata></record></GetRecord></OAI-PMH>